000 00706nam a2200133Ia 4500
008 171212s9999 xx 000 0 und d
020 _a9780833076236
100 _aCaston, Lauren;Leonard, Robert S.;Mouton, Christopher A.;Ohlandt, Chad J. R.;Moore, S. Craig;Conley, Raymond E.;Buchan, Glenn
245 _cCaston, Lauren;Leonard, Robert S.;Mouton, Christopher A.;Ohlandt, Chad J. R.;Moore, S. Craig;Conley, Raymond E.;Buchan, Glenn
_aThe Future of the U.S. Intercontinental Ballistic Missile Force
260 _bRAND Corporation
_c2014
650 _aHistory
650 _aIntercontinental ballistic missiles -- United States; Minuteman (Missile)
856 _uhttp://www.jstor.org/stable/10.7249/j.ctt5vjxdn
999 _c352665
_d352665